| 000 | 00000nam##2200000za#4500 |
| 001 | 9.574522 |
| 003 | CaOODSP |
| 005 | 20210624184226 |
| 007 | cr ||||||||||| |
| 008 | 150406|2006||||xxc|||||o f|0| 0 eng|d |
| 040 | |aCaOODSP|beng |
| 043 | |an-cn--- |
| 086 | 1 |aTU3-5/06-25E-PDF |
| 110 | 2 |aTransportation Safety Board of Canada. |
| 245 | 10|aLoss of control and collision with terrain - North-Wright Airways Ltd. Cessna 337C Skymaster C-FWHP, Fort Good Hope, Northwest Territories, 23 nm E, 16 August 2006 |h[electronic resource] |
| 260 | |aGatineau - Quebec : |bTransportation Safety Board of Canada |c2007. |
| 300 | |a8p.|bfig., map |
| 490 | 1 |aAviation investigation report |vA06W0139 |
| 500 | |a"The Board authorized the release of this report on 10 July 2007" --p.8. |
| 590 | |a12-33-Supp|b2012-07-18 |
| 775 | 08|tPerte de maîtrise et collision avec le relief du Cessna 337C Skymaster C-FWHP, exploité par North-Wright Airways Ltd. à 23 nm à l'est de Fort Good Hope (Territoires du Nord-Ouest), le 16 août 2006 |w(CaOODSP)9.604266 |
| 830 | #0|aAviation investigation report ;|vA06W0139|w(CaOODSP)9.504825 |
| 856 | 40|ahttp://publications.gc.ca|qPDF|s307 KB|uhttps://publications.gc.ca/collections/collection_2012/bst-tsb/TU3-5-06-25-eng.pdf|yA06W0139 |